Laboratorio General de Ensayos y Acondicionamiento
Descripción Física:
104 p. : il., [1] plànol pleg. ; 24 cm
MARC
| LEADER | 00000nam a2200000Ia 4500 | ||
|---|---|---|---|
| 001 | 724 | ||
| 008 | 160829s1925 xx 000 0 cat d | ||
| 710 | 2 | |a Catalunya. |b Mancomunitat |9 53015 | |
| 856 | 4 | |u https://media.diba.cat/diba/fitxers/arxiu/mancomunitat/bib_724_1925_web.pdf |y Accés lliure | |
| 952 | |0 0 |1 0 |4 0 |6 C262 |7 1 |9 48787 |a Arxiu |b Arxiu |d 2016-12-01 |l 0 |o C-2-62 |p 724 |r 2016-12-01 00:00:00 |w 2016-12-01 |y ARXIU | ||
| 999 | |c 52619 |d 52619 | ||
| 080 | |a C-2-62 | ||
| 100 | |a Catalunya. Mancomunitat. Laboratori General d'Assaigs i Condicionament |9 24944 | ||
| 245 | |a Laboratorio General de Ensayos y Acondicionamiento | ||
| 260 | |a Barcelona : |b Mancomunidad de Cataluña, |c 1925 | ||
| 300 | |a 104 p. : |b il., [1] plànol pleg. ; |c 24 cm | ||
| 590 | |a Hi ha un duplicat amb R. 1830 a: DUP-7 | ||
| 650 | |a Laboratori General d'Assaigs i Condicionament |9 45230 | ||
| 901 | |a Arxiu | ||
| 942 | |n 1 |2 udc | ||